De los recursos procesales en el código de procedimiento civil
Saved in:
| Main Authors: | , , , |
|---|---|
| Format: | Bog |
| Sprog: | spansk |
| Udgivet: |
Santiago
Jurídica de Chile
1980
|
| Udgivelse: | 5a. ed |
| Fag: | |
| Tags: |
Tilføj Tag
Ingen Tags, Vær først til at tagge denne postø!
|
MARC
| LEADER | 00000nam a2200000 a 4500 | ||
|---|---|---|---|
| 001 | UCY0210 | ||
| 003 | CL-VaPUC | ||
| 008 | 940719e19800000CL |||||||||||||||||spa|d | ||
| 082 | 0 | 4 | |a 347.83 |b ESP |2 21 |
| 100 | |a Espinosa Solís de Ovando, Alejandro |e autor |9 327836 | ||
| 700 | 0 | |a Bernales Pereira, José |e author |9 327837 | |
| 700 | 0 | |a Barriga Errázuriz, Luis |e author |9 327838 | |
| 700 | 0 | |a Benavente Gorroño, Darío |e author |9 327839 | |
| 245 | 1 | 0 | |a De los recursos procesales en el código de procedimiento civil |
| 250 | |a 5a. ed | ||
| 300 | |a 284 p | ||
| 942 | |c BK | ||
| 945 | |d 19940719 00:00:00 |a aalvarez | ||
| 260 | |a Santiago |b Jurídica de Chile |c 1980 | ||
| 500 | |a Presentada originalmente como tésis del autor licenciado | ||
| 650 | 0 | |a Procedimiento civil |9 254870 | |
| 650 | 7 | |a RECURSOS DERECHO |2 CL-VaPUC |9 255421 | |
| 651 | 7 | |a CHILE |2 CL-VaPUC |9 327840 | |
| 583 | |a last modification |c 19940719 00:00:00 |k Rodrigo Vera | ||
| 999 | |c 229265 |d 229263 | ||
| 952 | |0 0 |1 0 |4 0 |6 347_830000000000000_ESP_1980 |7 0 |8 A |9 230156 |a BIBDER |b BIBDER |d 2019-11-15 |i 2996804 |o 347.83 ESP 1980 |p 2996804 |r 2023-01-25 |w 2019-11-15 |y BK |k DER | ||